Personnages importants HQ/Électricité - Statistiques

Statistiques générales
  • Ce quiz a été pris 7 fois
    4 depuis la dernière actualisation
  • Le résultat moyen est 12 sur 23
Statistiques - réponses
Par images Hint Réponse % Correct
Le courant André-Marie Ampère
100%
Puissance James Watt
100%
La pile Alessandro Volta
50%
28e premier ministre du Québec qui participe maintenant à la production hydro-électrique à la Baie-James Bernard-Landry
50%
Construction de la première éolienne génératrice d'électricité Charles Francis Brush
50%
OG Électrium, look at me now Claudine Bouchard
50%
Première femme ingénieure engagée par HQ Gabrielle Bodis
50%
Nous avons un équipement massif primordiale en production nommé en son honneur James Bicheno Francis
50%
Unifie l'électricité, le magnétisme et la lumière ensemble sous forme d'équations James Clerk Maxwell
50%
La transport à haute tension est son bébé Jean Jacques Archambault
50%
John the wise Jean lesage
50%
Beau pavillon à l'IREQ Lionel Boulet
50%
Radiation gal marie curie
50%
Induction boy #cage Michael Faraday
50%
AC boy Nikola Tesla
50%
Journaliste, animateur radio-télé et homme d'État rené levesque
50%
Nous avons un parc solaire en son honneur Robert A. Boyd
50%
Évacuateur de crue impressionnant Robert Bourassa
50%
Le coiffeur d'enfants Robert Van de Graaff
50%
Première femme PDG de HQ Sophie Brochu
50%
1er PDG HQ Télesphore-Damien Bouchard
50%
DC boy Thomas Edison
50%
Droit de vote au femme et la 1er nationalisation Adélard Godbout
0%
Aucun quiz correspondant
Distribution des résultats
% des personnes avec chaque résultat
Percentile par nombre de réponses
Votre historique - résultats
Vous n’avez pas pris ce quiz depuis la dernière actualisation